|
|
|
|
| LEADER |
00906nam a2200265 a 4500 |
| 001 |
1664 |
| 003 |
BD-DhAAL |
| 005 |
20150615143241.0 |
| 008 |
150615s1995 dcua s i000 0 eng |
| 010 |
|
|
|a 95038912
|
| 020 |
|
|
|a 0821334646
|
| 040 |
|
|
|a DLC
|c DLC
|d DLC
|d BD-DhAAL
|
| 050 |
0 |
0 |
|a HC435.2
|b .E284 1995
|
| 082 |
0 |
0 |
|a 338.954
|2 20
|
| 245 |
0 |
0 |
|a Economic developments in India :
|b achievements and challenges.
|
| 260 |
|
|
|a Washington, DC :
|b World Bank,
|c 1995.
|
| 300 |
|
|
|a xxxv, 198 p. :
|b ill. ;
|c 28 cm.
|
| 440 |
|
0 |
|a World Bank country study,
|x 0253-2123
|9 12116
|
| 541 |
|
|
|e 1664
|
| 590 |
|
|
|a In English.
|
| 651 |
|
0 |
|a India
|x Economic conditions
|y 1947-
|9 7647
|
| 651 |
|
0 |
|a India
|x Economic policy
|y 1991-
|9 12117
|
| 942 |
|
|
|2 ddc
|c BK
|
| 999 |
|
|
|c 34736
|d 34736
|
| 952 |
|
|
|0 0
|1 0
|2 ddc
|4 0
|6 338_954000000000000_ECO
|7 0
|9 54337
|a SCL
|b SCL
|c GEN
|d 2015-06-15
|l 0
|o 338.954 ECO
|p 3020001664
|r 2015-06-15
|t 1
|w 2015-06-15
|y BK
|